Circunscripciones especiales indg̕enas y afro (1991-2010)

Bibliographic Details
Main Author: Escandn̤ Vega, Marcela Patricia
Format: eBook
Language:Spanish
Published: Bogot:̀ Universidad de Los Andes (Colombia), 2011
Subjects:
Online Access:Acceso restringido

MARC

LEADER 00000nam a22000007a 4500
005 20190521211348.0
007 cr|||| ||||
008 190521s2011 co |||||s|||| 00||0 spa d
020 |a 978-958-695-656-7 
035 |a 23314 
040 |a vLex 
090 |c 8788  |d 8788 
100 1 |a Escandn̤ Vega, Marcela Patricia 
245 1 0 |a Circunscripciones especiales indg̕enas y afro (1991-2010)  |h [Recurso electrn̤ico] /  |c Marcela Patricia Escandn̤ Vega 
256 |a Servicio en ln̕ea 
260 |a Bogot:̀  |b Universidad de Los Andes (Colombia),  |c 2011 
300 |a 1 recurso electrn̤ico 
506 1 |a Disponible solo en los productos indicados  |d vLex Global  |d vLex Global (Academic Edition, excluding Law Schools)  |d vLex Global (U.S. Academic Edition, Law Schools)  |d vLex Global (U.S. Academic Edition, excluding Law Schools)  |d vLex Global (Academic Edition, Law Schools) 
650 0 4 |a Derecho Constitucional  |z Colombia 
740 0 |a vLex Libros (Servicio en ln̕ea) 
856 4 0 |u http://vlex.com/source/circunscripciones-especiales-indigenas-afro-1991-2010-23314  |z Acceso restringido 
942 |c BOOK 
999 0 |a Constitutional right